| 000 | 00555nam a2200229 a 4500 | ||
|---|---|---|---|
| 001 | 14227 | ||
| 003 | BD-JhCC | ||
| 005 | 20250213122102.0 | ||
| 008 | 250209b 2020E a|||| ||a| 000 0 eng d | ||
| 020 | _a0593318277 | ||
| 035 | _a(BD-JhCC)14227 | ||
| 040 |
_aBD-JhCC _dBD-JhCC |
||
| 041 | _aenglish | ||
| 082 |
_a823.1 _bCOE 2020 |
||
| 100 | _a Coelho,Paulo | ||
| 245 |
_aThe archer / _cPaulo Coelho . |
||
| 260 |
_aLondon: _bAlfred A. Knopf; _c2020. |
||
| 300 |
_a114 p . _c21 cm. |
||
| 650 | _aEnglish fiction | ||
| 942 |
_2ddc _cBK |
||
| 999 |
_c14227 _d14227 |
||